Vlaams-Brabantse Gemeenten met Kaart - Statistieken

Algemene statistieken
  • Deze quiz is 183 keer genomen
  • De gemiddelde score is 36 van 65
Antwoorden op de kaart
Antwoorden kleurgecodeerd door een groen-rode schaal op de quizkaart volgens % correct hieronder.
 
Antwoordstatistieken
Gemeente % Correct
Leuven
98%
Diest
84%
Tienen
84%
Halle
83%
Vilvoorde
81%
Aarschot
79%
Zaventem
73%
Bierbeek
71%
Landen
71%
Oud-Heverlee
71%
Tervuren
69%
Dilbeek
68%
Scherpenheuvel-Zichem
67%
Asse
64%
Grimbergen
64%
Overijse
64%
Bertem
63%
Hoegaarden
62%
Herent
61%
Rotselaar
61%
Sint-Genesius-Rode
60%
Ternat
60%
Tremelo
60%
Haacht
59%
Machelen
59%
Tielt-Winge
57%
Affligem
56%
Londerzeel
55%
Sint-Pieters-Leeuw
55%
Steenokkerzeel
54%
Zoutleeuw
54%
Begijnendijk
53%
Boutersem
53%
Lubbeek
53%
Meise
53%
Zemst
53%
Gooik
52%
Keerbergen
52%
Kortenberg
51%
Liedekerke
50%
Boortmeerbeek
49%
Kampenhout
49%
Beersel
48%
Bever
48%
Huldenberg
48%
Wezembeek-Oppem
48%
Lennik
47%
Bekkevoort
46%
Merchtem
46%
Geetbets
45%
Linter
44%
Hoeilaart
43%
Kraainem
43%
Wemmel
43%
Linkebeek
41%
Drogenbos
40%
Galmaarden
40%
Kapelle-op-den-Bos
40%
Glabbeek
39%
Herne
39%
Holsbeek
39%
Opwijk
37%
Pepingen
37%
Roosdaal
37%
Kortenaken
36%
Geen overeenkomende quizzen gevonden
Scoreverdeling
Procent van Mensen met Elke Score
Percentiel versus Aantal Correcte Antwoorden
Uw Scoregeschiedenis
U heeft deze quiz nog niet genomen